Atlas of clinical ophthalmology / (Record no. 4313)

000 -LEADER
fixed length control field 00840cam a2200253 a 4500
003 - CONTROL NUMBER IDENTIFIER
control field OSt
005 - DATE AND TIME OF LATEST TRANSACTION
control field 20220322094406.0
008 - FIXED-LENGTH DATA ELEMENTS--GENERAL INFORMATION
fixed length control field 830307s1984 paua b 001 0 eng
020 ## - INTERNATIONAL STANDARD BOOK NUMBER
International Standard Book Number 0397582897
020 ## - INTERNATIONAL STANDARD BOOK NUMBER
International Standard Book Number 0906923239 (Gower)
040 ## - CATALOGING SOURCE
Transcribing agency DLC
050 10 - LIBRARY OF CONGRESS CALL NUMBER
Classification number RE71
Item number .A85 1984
245 00 - TITLE STATEMENT
Title Atlas of clinical ophthalmology /
Statement of responsibility, etc. editors, D.J. Spalton, R.A. Hitchings, P.A. Hunter.
260 ## - PUBLICATION, DISTRIBUTION, ETC.
Place of publication, distribution, etc. Philadelphia :
Name of publisher, distributor, etc. Lippincott ;
Place of publication, distribution, etc. London ;
-- New York :
Name of publisher, distributor, etc. Gower Medical Pub.,
Date of publication, distribution, etc. c1984.
300 ## - PHYSICAL DESCRIPTION
Extent 1 v. (various pagings) :
Other physical details ill. (some col.) ;
Dimensions 32 cm.
504 ## - BIBLIOGRAPHY, ETC. NOTE
Bibliography, etc. note Includes bibliography and index.
650 #0 - SUBJECT ADDED ENTRY--TOPICAL TERM
Topical term or geographic name entry element Eye
General subdivision Diseases
-- Atlases.
650 #0 - SUBJECT ADDED ENTRY--TOPICAL TERM
Topical term or geographic name entry element Ophthalmology
General subdivision Atlases.
700 1# - ADDED ENTRY--PERSONAL NAME
Personal name Spalton, David J.
700 1# - ADDED ENTRY--PERSONAL NAME
Personal name Hitchings, R. A.
700 1# - ADDED ENTRY--PERSONAL NAME
Personal name Hunter, P. A.
906 ## - LOCAL DATA ELEMENT F, LDF (RLIN)
a 7
b cbc
c orignew
d 3
e opcn
f 19
g y-gencatlg
942 ## - ADDED ENTRY ELEMENTS (KOHA)
Source of classification or shelving scheme
Koha item type Book
Holdings
Withdrawn status Lost status Source of classification or shelving scheme Damaged status Not for loan Permanent Location Current Location Shelving location Date acquired Source of acquisition Total Checkouts Full call number Barcode Date last seen Price effective from Koha item type Public note Copy number
          AU LIBRARY AU LIBRARY Open Shelf 22.03.2022 DONATION FROM MOI UNIVERSITY   REF RE71 .A85 1984 28006480 22.03.2022 22.03.2022 References SM  
          AU LIBRARY AU LIBRARY Open Shelf 23.03.2022 DONATION FROM MOI UNIVERSITY   REF RE71 .A85 1984 C2 28006493 23.03.2022 23.03.2022 References SM 2

Powered by Koha